Southville International School and Colleges
Your cart is empty.
  • Cart
  • Lists
    Public lists Eva Luna New books Lux_list list_1
    Your lists Log in to create your own lists
  • Log in to your account
  • Your cookies
  • Search history
Southville International School and Colleges
  • Advanced search
  • Recent comments
  • Most popular
  • Libraries

Log in to your account

Log in with GOOGLE


If you do not have an external account, but do have a local account, you can still log in:

  1. Home
  2. MARC view: Modern electronic media and broadcasting /
Normal view MARC view ISBD view

Modern electronic media and broadcasting / (Record no. 366928)

[ view plain ]
MARC details
000 -LEADER
fixed length control field 00721nam a22002297a 4500
003 - CONTROL NUMBER IDENTIFIER
control field 0
005 - DATE AND TIME OF LATEST TRANSACTION
control field 20250108141420.0
008 - FIXED-LENGTH DATA ELEMENTS--GENERAL INFORMATION
fixed length control field 250108b xxu||||| |||| 00| 0 eng d
020 ## - INTERNATIONAL STANDARD BOOK NUMBER
International Standard Book Number 978-1-64725-494-0
050 ## - LIBRARY OF CONGRESS CALL NUMBER
Classification number P 91.28
Item number .F37 2024
100 ## - MAIN ENTRY--PERSONAL NAME
Personal name Farrell, Antonio
Relator term author.
245 ## - TITLE STATEMENT
Title Modern electronic media and broadcasting /
Statement of responsibility, etc Antonio Farrell.
260 ## - PUBLICATION, DISTRIBUTION, ETC. (IMPRINT)
Place of publication, distribution, etc Forest Hills, NY :
Name of publisher, distributor, etc NY Research Press,
Date of publication, distribution, etc 2024.
300 ## - PHYSICAL DESCRIPTION
Extent vii, 210 p. :
Other physical details col. ill. ;
Dimensions 27 cm.
504 ## - BIBLIOGRAPHY, ETC. NOTE
Bibliography, etc Includes bibliographical references and index.
650 ## - SUBJECT ADDED ENTRY--TOPICAL TERM
Topical term or geographic name as entry element Digital media.
650 ## - SUBJECT ADDED ENTRY--TOPICAL TERM
Topical term or geographic name as entry element Broadcasting.
650 ## - SUBJECT ADDED ENTRY--TOPICAL TERM
Topical term or geographic name as entry element Digital communications.
650 ## - SUBJECT ADDED ENTRY--TOPICAL TERM
Topical term or geographic name as entry element Digital audio broadcasting.
650 ## - SUBJECT ADDED ENTRY--TOPICAL TERM
Topical term or geographic name as entry element Online journalism.
942 ## - ADDED ENTRY ELEMENTS (KOHA)
Source of classification or shelving scheme Library of Congress Classification
Koha item type Books
Holdings
Withdrawn status Lost status Source of classification or shelving scheme Damaged status Home library Current library Shelving location Date acquired Source of acquisition Sub Shelving location Total Checkouts Full call number Barcode Date last seen Price effective from Koha item type
    Library of Congress Classification   College Library College Library Reserve Section 01/08/2025 Library Fund     P 91.28 .F37 2024 C24088 01/08/2025 01/08/2025 Books
    Library of Congress Classification   College Library College Library Reserve Section 01/21/2025 Library Fund     P 91.28 .F37 2024 C24185 01/21/2025 01/21/2025 Books

Modern electronic media and broadcasting /

APA

Farrell A., . (2024). Modern electronic media and broadcasting. Forest Hills, NY: NY Research Press.

Chicago

Farrell Antonio, . 2024. Modern electronic media and broadcasting. Forest Hills, NY: NY Research Press.

Harvard

Farrell A., . (2024). Modern electronic media and broadcasting. Forest Hills, NY: NY Research Press.

MLA

Farrell Antonio, . Modern electronic media and broadcasting. Forest Hills, NY: NY Research Press. 2024.

  • Place hold
  • Print
  • Cite
  • Add to your cart (remove)
  • Save record
    BIBTEX Dublin Core MARCXML MARC (non-Unicode/MARC-8) MARC (Unicode/UTF-8) MARC (Unicode/UTF-8, Standard) MODS (XML) RIS
  • More searches
    Search for this title in:
    Other Libraries (WorldCat) Other Databases (Google Scholar) Online Stores (Bookfinder.com) Open Library (openlibrary.org)

Exporting to Dublin Core...

SOUTHVILLE LIBRARY

Southville International School and Colleges Library

1281 Tropical Ave. Cor. Luxembourg St., BF Homes International, Las Pinas City

Tel. No. 8256374 / 252358 Loc. 117/146

Powered by Koha